Normal view
MARC view
Entry Topical Term
001 - CONTROL NUMBER
- control field: 300
003 - CONTROL NUMBER IDENTIFIER
- control field: HDC
005 - DATE AND TIME OF LATEST TRANSACTION
- control field: 20230624073056.0
008 - FIXED-LENGTH DATA ELEMENTS
- fixed length control field: 201217|| aca||aabn | a|a d
040 ## - CATALOGING SOURCE
- Original cataloging agency: HDC
- Transcribing agency: HDC
150 ## - HEADING--TOPICAL TERM
- Topical term or geographic name entry element: Illegal rural enterprise
670 ## - SOURCE DATA FOUND
- Source citation: Work cat.: (HDC): McElwee, Gerard 298, Illegal activity in the UK halal (sheep) supply chain: Towards greater understanding /, 2017
